00325 a2200109 4500001001000000005001700010008004100027245003700068100002100105773007200126999001700198ART_2807520260410161951.0260409a 10aNotes on optimal debt management1 aBarro, Robert J.0 tJournal of applied economicsg- Vol. 2, NÂș 2 (nov. 1999)wREV28044 c30359d30359